Famous Birthplaces #4 - Statistics

General Stats
  • This quiz has been taken 19 times
  • The average score is 17 of 22
Answer Stats
Hint Answer % Correct
Liverpool, England, UK John Lennon
93%
London, Ontario, Canada Justin Bieber
93%
Al-Awja, Iraq Saddam Hussein
93%
Pella, Greece Alexander the Great
87%
Florence, Italy Donatello
87%
Mingora, Pakistan Malala Yousafzai
87%
Mahé, India M. Night Shaymalan
87%
Caracas, Venezuela Simon Bolivar
87%
Athens, Greece Socrates
87%
Shadwell, Virginia, USA Thomas Jefferson
87%
Kushino, Russia Yuri Gagarin
87%
Kirkcaldy, Scotland, UK Adam Smith
80%
Dublin, Ireland Bono
80%
Trier, Germany Karl Marx
80%
Stonewall, Texas, USA Lyndon B. Johnson
80%
Brookline, Massachusetts, USA John F. Kennedy
73%
Wellington, New Zealand Russell Crowe
73%
London, England, UK Charlie Chaplin
60%
Ibadan, Nigeria Hugo Weaving
60%
Portland, Maine, USA Stephen King
60%
Perth, Australia Heath Ledger
53%
Dartford, England, UK Mick Jagger
47%
No matching quizzes found
Score Distribution
Percent of People with Each Score
Percentile by Number Answered
Your Score History
You have not taken this quiz